Resultados económicos de especies hortícolas cultivadas en el partido de General Pueyrredón : campaña agrícola 1995/96 /

Guardado en:
Autor Principal: Tosi, Juan Carlos.
Formato: Libro
Idioma:Spanish
Publicado: [Balcarce] : INTA-CERBAS, 1996.
Etiquetas: Agregar Etiqueta
Sin Etiquetas, Sea el primero en etiquetar este registro!
LEADER 00515nam a22001335a 4500
001 EEA.libagro005671
005 20161012124310.0
008 130809s1996####ag#a##########000#0#spa#d
082 0 4 |a 338.175 
100 1 |a Tosi, Juan Carlos. 
245 1 0 |a Resultados económicos de especies hortícolas cultivadas en el partido de General Pueyrredón :  |b campaña agrícola 1995/96 /  |c Juan Carlos Tosi. 
260 |a [Balcarce] :  |b INTA-CERBAS,  |c 1996. 
300 |a 29 h. :  |b il. ;  |c 30 cm. 
859 |a AR-BbBCA  |b BIB. AGRONOMIA  |h 338.175  |i T714  |p 1997/3015